| 000 | 00914nam a2200265Ia 4500 | ||
|---|---|---|---|
| 003 | OSt | ||
| 005 | 20221005105658.0 | ||
| 006 | a|||||r|||| 00| 0 | ||
| 007 | ta | ||
| 008 | 221004b |||||||| |||| 00| 0 hin d | ||
| 020 |
_a9789350007396 (hbk) _c295 |
||
| 024 | _a6890 | ||
| 037 |
_b94, 05/09/2013, Vani Prakashan _cTextual |
||
| 040 |
_aCRL _cCRL _bhin |
||
| 041 |
_2hin _ahin |
||
| 082 | _aO152,1N112:g, Q1 | ||
| 100 | _aजोशी, ज्योतिड्ढ | ||
| 245 | 0 | _aशमशेर का अर्थ | |
| 246 | _aShamasher kā artha | ||
| 260 |
_aनई दिल्ली _bवाणी प्रकाशन भारत _c2011 |
||
| 300 |
_a182पृ0 _ccm. |
||
| 650 | _aहिन्दी साहित्य | ||
| 942 |
_hO152,1N112:g, Q1 _cTEXL _2cc |
||
| 999 |
_c1016546 _d1016546 |
||